It looks like you're offline.
Open Library logo
additional options menu

MARC record from Internet Archive

LEADER: 00635cam 22002173 4500
001 ocn948678969
003 OCoLC
005 20221024204542.0
008 160329s1980 xx 000 0 eng d
040 $aYDXCP$beng$cYDXCP$dOCLCQ
020 $a0449243303
020 $a9780449243305
035 $a(OCoLC)948678969
100 1 $aGarfield, Brian.
245 10 $aSweeney's honor.
260 $a[Place of publication not identified] :$bFawcett Books,$c1980.
336 $atext$btxt$2rdacontent
337 $aunmediated$bn$2rdamedia
938 $aYBP Library Services$bYANK$n7718137
994 $aZ0$bGTX
948 $hNO HOLDINGS IN GTX - 1 OTHER HOLDINGS